| 000 | 00000nas 22000008a 4500 |
| 001 | 9.838758 |
| 003 | CaOODSP |
| 005 | 20241218075352 |
| 007 | cr ||||||||||| |
| 008 | 170622c20179999qucar p o f0 b0fre| |
| 022 | |a2560-8991 |
| 040 | |aCaOODSP|bfre |
| 043 | |an-cn--- |
| 086 | 1 |aCH58-2/5F-PDF |
| 110 | 1 |aCanada. |bCommission des champs de bataille nationaux. |
| 222 | 0|aRapport sur les résultats ministériels |b(Canada. Commission des champs de bataille nationaux) |
| 245 | 10|aRapport sur les résultats ministériels |h[ressource électronique] / |cCommission des champs de bataille nationaux. |
| 260 | |a[Québec] : |bCommission des champs de bataille nationaux, |cc2017- |
| 310 | |aAnnuel |
| 362 | 1 |aParaît depuis : 2016/2017. |
| 500 | |aPubl. aussi en anglais sous le titre : Departmental results report. |
| 692 | 07|2gccst|aÉvaluation du rendement |
| 692 | 07|2gccst|aChamp de bataille |
| 775 | 08|tDepartmental results report |w(CaOODSP)9.838757 |
| 780 | 00|tRapport ministériel sur le rendement |w(CaOODSP)9.503000 |